Nigerian management review : a journal of the Centre for Management Development. (Record no. 38567)
[ view plain ]
| 000 -LEADER | |
|---|---|
| fixed length control field | 00472nam a2200145Ia 4500 |
| 022 ## - INTERNATIONAL STANDARD SERIAL NUMBER | |
| ISSN | 01892568 |
| 050 ## - CALL MARK | |
| Classification number | HD 70.N43 .N54/ |
| 245 #0 - TITLE STATEMENT | |
| Title | Nigerian management review : a journal of the Centre for Management Development. |
| 260 ## - PUBLICATION, DISTRIBUTION, ETC. (IMPRINT) | |
| Year of publication | 2021 |
| 300 ## - PHYSICAL DESCRIPTION | |
| Number of Pages | 125 p. :ill. ; 29 cm. |
| 650 ## - SUBJECT ADDED ENTRY--TOPICAL TERM | |
| Topical Term | Management--Nigeria--Periodicals. Nigeria--Economic conditions--1970---Periodicals. |
| 942 ## - ADDED ENTRY ELEMENTS (KOHA) | |
| Koha item type | Serials |
No items available.